000 01088nam0a22003011 4500
001 rc\3511912
005 20250610030403.0
021 _aRU
_b[71-56386]
035 _a(NLR Aleph) 007657714
090 _a6297850
_c6297850
100 _a20130115d1971 |||y0rusy50 ca
101 0 _arus
102 _aRU
105 _aa z |||a|
200 1 _aРусский флаг
_eИст. роман
_f[Ил.: Е.И. Коган]
210 _aМосква
_cСов. писатель
_d1971
215 _a592 с.
_cил.
_d22
606 _aМоряки в России (х. л.)
_2psbo
606 _aРусский военно-морской флот (х. л.)
_2psbo
607 _aПетропавловск-на-Камчатке
_xОборона 1854-1856 гг. (х. л.)
_2psbo
700 1 _7ca
_8rus
_aБорщаговский
_bА. М.
_f1913-2006
_gАлександр Михайлович
_92641327
_3RU\NLR\AUTH\770273151
702 1 _aКоган
_bЕ.И.
_4440
801 0 _aRU
_bNLR
_gpsbo
801 1 _aRU
_bELAR
_2rusmarc
852 _aNLR
_j71-5/3402
942 _cBOOK
980 _aNB